Vista normal
Vista MARC
Entrada Topical Term
Número de registros utilizados en: 1
001 - CONTROL NUMBER
- control field: 3735
003 - CONTROL NUMBER IDENTIFIER
- control field: OSt
005 - DATE AND TIME OF LATEST TRANSACTION
- control field: 20200429182826.0
008 - FIXED-LENGTH DATA ELEMENTS
- fixed length control field: 200429|| aca||aabn | a|a d
040 ## - CATALOGING SOURCE
- Original cataloging agency: OSt
- Transcribing agency: OSt
150 ## - HEADING--TOPICAL TERM
- Topical term or geographic name entry element: Mujeres Desarrollo social
670 ## - SOURCE DATA FOUND
- Source citation: Work cat.: (OSt)4665: Colombia. Presidencia de la República 2972, VII y VIII combinado de Colombia al comité de las Naciones Unidas para la eliminación de la discriminación contra la mujer / , 2011